| 000 | 00493nam a2200193Ia 4500 | ||
|---|---|---|---|
| 005 | 20140405103751.0 | ||
| 008 | 140130s9999 xx 000 0 und d | ||
| 020 | _a0439087473 | ||
| 050 |
_aQL 125.5 _b.B47 2000 |
||
| 100 |
_aBerger, Melvin _94942 |
||
| 245 |
_cBerger, Melvin _aDive (w/cd) / |
||
| 260 |
_bScholastic, _c2000. _aNew York : |
||
| 300 |
_a1 v. unpaged : _bcol. ill. ; _c23 cm. |
||
| 440 |
_v1 _931174 |
||
| 521 | _aG3 | ||
| 526 | _c520 | ||
| 942 |
_cBK _2lcc |
||
| 999 |
_c41693 _d41693 |
||